Statistiques concernant Culture générale

Cliquez ici pour prendre le quiz!

Statistiques générales

  • Ce quiz a été pris 160 fois
  • Le résultat moyen est 8 sur 15

Statistiques - réponses

HintRéponse% Correct
année attentat tours jumelles2001
90%
qui a peint "Guernica"Picasso
87%
meilleur buteur de la cdm de foot de 2022Mbappe
81%
joueur de tennis ayant le plus gagner Rolland GarrosNadal
78%
état des USA à l'ouest du canadaAlaska
68%
capitale de l'AlbanieTirana
63%
3ème président de la 5ème républiqueGiscard d'Estaing
52%
femelle du sanglierlaie
50%
3ème lettre de l'alphabet grecgamma
49%
dieu du soleil égyptien
49%
le ça, le moi et ...le surmoi
45%
2ème sommet le plus haut du mondeK2
37%
i × i =-1
32%
qui a composé "Le Beau Danube bleu"Strauss
17%
autre nom de la 1ère loi de newtonprincipe d'inertie
3%

Distribution des résultats

Percentile par nombre de réponses

% des personnes avec chaque résultat

Votre développement - résultats

Vous n’avez pas pris ce quiz